|
|
|
|
| LEADER |
00000nam0a2200000 4500 |
| 001 |
300964 |
| 005 |
20231102001344.0 |
| 020 |
|
|
|a RU
|b 83-21768
|
| 035 |
|
|
|a (RuTPU)RU\TPU\book\326117
|
| 090 |
|
|
|a 300964
|
| 100 |
|
|
|a 20150721d1983 km y0rusy5003 ca
|
| 101 |
0 |
|
|a rus
|
| 102 |
|
|
|a RU
|
| 105 |
|
|
|a a z 001zy
|
| 200 |
1 |
|
|a Применение мазута в доменных печах
|f В. М. Бабошин, В. М. Удилов
|
| 210 |
|
|
|a Москва
|c Металлургия
|d 1983
|
| 215 |
|
|
|a 144 с.
|c ил.
|
| 320 |
|
|
|a Библиогр.: с. 139-143
|
| 606 |
1 |
|
|a Доменные печи
|x Эксплуатация
|x Производственное обучение
|2 stltpush
|3 (RuTPU)RU\TPU\subj\9916
|9 37068
|
| 610 |
1 |
|
|a мазут
|
| 610 |
1 |
|
|a сжигание
|
| 610 |
1 |
|
|a металлургические печи
|
| 610 |
1 |
|
|a жидкие топлива
|
| 610 |
1 |
|
|a использование
|
| 610 |
1 |
|
|a схемы
|
| 610 |
1 |
|
|a установки
|
| 610 |
1 |
|
|a подготовка
|
| 610 |
1 |
|
|a подача
|
| 610 |
1 |
|
|a форсунки
|
| 610 |
1 |
|
|a конструкции
|
| 610 |
1 |
|
|a вдувание
|
| 610 |
1 |
|
|a выгорание
|
| 610 |
1 |
|
|a расчеты
|
| 675 |
|
|
|a 669.162.26
|z rus
|v 3
|
| 700 |
|
1 |
|a Бабошин
|b В. М.
|g Василий Михайлович
|4 070
|
| 701 |
|
1 |
|a Удилов
|b В. М.
|g Владимир Михайлович
|4 070
|
| 801 |
|
0 |
|a RU
|b RuMRKP
|c 19950704
|g psbo
|
| 801 |
|
1 |
|a RU
|b 63413507
|c 20150721
|
| 801 |
|
2 |
|a RU
|b 63413507
|c 20190311
|g RCR
|
| 942 |
|
|
|c BK
|